Riddles in the Dark Quiz Stats

 Plays Quiz Updated Dec 11, 2013

     
Support Sporcle.
Go Orange.
Score 0/17 Timer 05:00
16 Plays Today
Number Answer % Correct
1.Mountain
74.5%
2.Teeth
73.9%
3.Wind
73.6%
17.Ring
72.1%
13.Time
65.9%
6.Eggs
59.2%
16.String, or nothing
51.1%
14.Hands
49.4%
5.Dark
46.7%
Number Answer % Correct
7.Fish
35.8%
10.Man
35.5%
11.Stool
33.4%
12.Cat
28%
8.Fish
26%
15.Knife
23.6%
9.Table
22.1%
4.Sun on the daisies
14.3%

From the Vault

6 to 1: Countries by Continent II

by KVMalinwa

Geography 60s
Maybe we could make it "6 to 0" and include Antarctica as well.
Remove Ads.
Support Sporcle.
Get the best of Sporcle when you Go Orange. This ad-free experience offers more features, more stats, and more fun while also helping to support Sporcle. Thank you for becoming a member.

Show Comments

Extras

Top Quizzes Today


Score Distribution

Your Account Isn't Verified!

In order to create a playlist on Sporcle, you need to verify the email address you used during registration. Go to your Sporcle Settings to finish the process.

Report this User

Report this user for behavior that violates our Community Guidelines.

Details: